Atlas del mundo de hoy /

Guardado en:
Detalles Bibliográficos
Formato: Libro
Idioma:Español
Publicado: EUA : Rand McNally, 1974, c1974
Etiquetas: Agrega una etiqueta
Sin etiquetas, Sé el primero en etiquetar este registro!

MARC

LEADER 00000nam^a2200000^a^4500
001 000591064
005 20250521000000.0
009 20260310132921.003
037 |a Acervo ITESO - Biblioteca 
041 |a ESP 
091 |a FCR. 00869 
245 0 0 |a Atlas del mundo de hoy / 
264 4 |a EUA :  |b Rand McNally,  |c 1974, c1974 
300 |a 64 p. 
336 |a texto  |b txt  |2 rdacontenido 
337 |a sin mediación  |b n  |2 rdamedio 
338 |a volumen  |b nc  |2 rdasoporte 
649 |a XX 
910 |a Fondo Cristina Romo Gil 
920 |a Impresos - Libros 
930 |a Fondos Especiales 
905 |a 143 
901 |a 0900116919  |b IT2  |c ESP  |i D123377  |u 20250521 
902 |a https://opac.biblio.iteso.mx/vufind/Record/000591064